Curso de raíces griegas / (Record no. 13191)

MARC details
000 -CABECERA
campo de control de longitud fija 00652nam a2200205 a 4500
005 - FECHA Y HORA DE LA ÚLTIMA TRANSACCIÓN
campo de control 20240817063805.0
008 - ELEMENTOS DE LONGITUD FIJA--INFORMACIÓN GENERAL
campo de control de longitud fija 991125s1920 mx 000 0 spa u
035 ## - NÚMERO DE CONTROL DEL SISTEMA
Número de control de sistema UPN01000013191
049 ## - COLECCIÓN
Colección CE
050 #4 - SIGNATURA TOPOGRÁFICA DE LA BIBLIOTECA DEL CONGRESO
Número de clasificación P721
Número de documento/Ítem D5.2 1920
100 1# - ASIENTO PRINCIPAL--NOMBRE PERSONAL
Nombre de persona Díaz de León Avila, Jesús,
Fechas asociadas al nombre 1851-1919
9 (RLIN) 32906
245 10 - MENCIÓN DE TÍTULO
Título Curso de raíces griegas /
Mención de responsabilidad, etc. Jesús Díaz de León.
250 ## - MENCIÓN DE EDICIÓN
Mención de edición 9a. ed. correg. y aum.
260 ## - PUBLICACIÓN, DISTRIBUCIÓN, ETC.
Lugar de publicación, distribución, etc. México :
Nombre del editor, distribuidor, etc. Vda. de Ch. Bouret,
Fecha de publicación, distribución, etc. 1920.
300 ## - DESCRIPCIÓN FÍSICA
Extensión 270 p.
500 ## - NOTA GENERAL
Nota general También disponible en la Colección Medina
650 #4 - ASIENTO SECUNDARIO DE MATERIA - TERMINO TEMATICO
Término de materia o nombre geográfico como elemento de entrada Griego
Subdivisión general Etimologías
9 (RLIN) 20460
650 #4 - ASIENTO SECUNDARIO DE MATERIA - TERMINO TEMATICO
Término de materia o nombre geográfico como elemento de entrada GRIEGO -
Subdivisión general GRAMATICA -
-- ESTUDIO Y ENSEÑANZA
905 ## - TIPO DE MATERIAL
Tipo de material Libro
Holdings
Estado de retiro Estado de pérdida Fuente del sistema de clasificación o colocación Estado dañado No para préstamo Código de colección Localización permanente Ubicación/localización actual Ubicación en estantería Fecha de adquisición Clasificación Código de barras Fecha visto por última vez Número de copia Tipo de ítem Koha
    Library of Congress Classification   Disponible (Préstamo en sala) Colección Medina Bib. Gregorio Torres Quintero Bib. Gregorio Torres Quintero Colecciones especiales Planta alta 30/01/2023 P721 D5.2 1920 101590 31/12/2020 1 Libro